Adios, Patria Adorada : (Record no. 40890)
[ view plain ]
| 000 -LEADER | |
|---|---|
| fixed length control field | 00787nam a2200229 a 4500 |
| 001 - CONTROL NUMBER | |
| control field | FIB031389 |
| 005 - DATE AND TIME OF LATEST TRANSACTION | |
| control field | 20180302110457.0 |
| 008 - FIXED-LENGTH DATA ELEMENTS--GENERAL INFORMATION | |
| fixed length control field | |
| 020 ## - INTERNATIONAL STANDARD BOOK NUMBER | |
| International Standard Book Number | 9715555179 |
| 100 ## - MAIN ENTRY--PERSONAL NAME | |
| Personal name | Roces, Alfredo. |
| 245 10 - TITLE STATEMENT | |
| Title | Adios, Patria Adorada : |
| Remainder of title | the Filipino as ilustrado, the ilustrado as Filipino / |
| Statement of responsibility, etc | Alfredo Roces. |
| 300 ## - PHYSICAL DESCRIPTION | |
| Extent | x, 314 p. : |
| Other physical details | ill. ; |
| Dimensions | 23 cm. |
| 336 ## - CONTENT TYPE | |
| Content Type Term | text |
| 337 ## - MEDIA TYPE | |
| Media Type Term | unmediated |
| 338 ## - CARRIER TYPE | |
| Carrier Type Term | volume |
| 504 ## - BIBLIOGRAPHY, ETC. NOTE | |
| Bibliography, etc | Includes bibliographical references and index. |
| 650 ## - SUBJECT ADDED ENTRY--TOPICAL TERM | |
| Topical term or geographic name as entry element | Philippines |
| General subdivision | History |
| Chronological subdivision | 19th century. |
| 650 ## - SUBJECT ADDED ENTRY--TOPICAL TERM | |
| Topical term or geographic name as entry element | National characteristics, Philippine. |
| 650 ## - SUBJECT ADDED ENTRY--TOPICAL TERM | |
| Topical term or geographic name as entry element | Elite (Social Sciences) |
| Geographic subdivision | Philippines |
| General subdivision | Political activity. |
| 740 ## - ADDED ENTRY--UNCONTROLLED RELATED/ANALYTICAL TITLE | |
| Uncontrolled related/analytical title | The Filipino as ilustrado, the ilustrado as Filipino. |
| 942 ## - ADDED ENTRY ELEMENTS (KOHA) | |
| Source of classification or shelving scheme | Library of Congress Classification |
| Item type | Books |
| Withdrawn status | Lost status | Source of classification or shelving scheme | Damaged status | Not for loan | Home library | Current library | Shelving location | Date acquired | Source of acquisition | Cost, normal purchase price | Inventory number | Total Checkouts | Full call number | Barcode | Date last seen | Price effective from | Koha item type |
|---|---|---|---|---|---|---|---|---|---|---|---|---|---|---|---|---|---|
| Library of Congress Classification | BSOP Library | BSOP Library | Filipiniana | 03/02/2018 | 485.00 | 39506 | DS675 R58 2016 | 00049506 | 03/02/2018 | 03/02/2018 | Books |
